• 首页
  • 本馆介绍
  • 公告通知
  • 最新文献
  • 馆藏检索
  • 电子资源
  • 读者导购
  • 参考咨询
  • 我的图书馆
  • 登录
  • 详细信息显示
  • 放入我的书架
  • 预约/预借图书
  • 作者相关作品
  • 分类相关作品
  • 丛书相关作品
  • 出版社相关作品

书目信息

  • 表格格式
  • 工作单格式
  • 卡片格式
题名:
明代绘画史
    
 
作者: 单国强 著
分册:  
出版信息: 北京   人民美术出版社  2001
页数: 271页
开本: 21cm
丛书名: 中国绘画断代史丛书
单 册:
中图分类: J209.248
科图分类:
主题词: 绘画史--中国--元代 , 绘画史
电子资源:
ISBN: 7-102-02179-8
000 00821oam2 2200265 45
001 0900000005464
005 20051205144636.93
010    @a7-102-02179-8@dCNY26.50
092    @aCN
100    @a20040614d2001 ekmy0chiy0120 ea
101 0  @achi
102    @aCN@b110000
105    @aa z 000yy
200 1  @a明代绘画史@9ming dai hui hua shi@f单国强著@Fdan guo qiang zhu
210    @a北京@c人民美术出版社@d2001
215    @a271页@c图@d21cm
225 2  @a中国绘画断代史丛书
330    @a本书主要包括:宫廷“院体”与“浙派”;“吴门四家”与“浙派”;晚明画坛;版画;明代绘画理论五章内容。
410  0 @12001 @a中国绘画断代史丛书
606 0  @a绘画史@y中国@z元代
606 0  @a绘画史
690    @aJ209.248@v4
701  0 @a单国强@Adan guo qiang@4著
801  0 @aCN@bCXYBOOK@c20051205
905    @a10447@dJ209.248@e329
    
    明代绘画史/单国强著.-北京:人民美术出版社,2001
    271页:图;21cm.-(中国绘画断代史丛书)
    
    
    ISBN 7-102-02179-8:CNY26.50
    本书主要包括:宫廷“院体”与“浙派”;“吴门四家”与“浙派”;晚明画坛;版画;明代绘画理论五章内容。
●
相关链接 在E读中查询图书 在五车中查询图书 在当当中查询图书 在豆瓣中查询图书


正题名:明代绘画史     索取号:J209.248/329         预约/预借

序号 登录号 条形码 馆藏地/架位号 状态 备注
1 0370103   203701039   第一样本阅览室/ [索取号:J209.248/329] 在馆    
2 0370104   203701048   第一借阅区/ [索取号:J209.248/329] 在馆    
3 0370105   203701057   第一借阅区/ [索取号:J209.248/329] 在馆    
4 0370106   203701066   第一借阅区/ [索取号:J209.248/329] 在馆    
5 0370107   203701075   第一借阅区/ [索取号:J209.248/329] 在馆    
唐山师范学院图书馆 欢迎您!
大连网信软件有限公司© 版权所有